Legal anaysis of medical negligence during COVID 19 (Record no. 394851)
[ view plain ]
| 000 -LEADER | |
|---|---|
| fixed length control field | 00454nam a22001697a 4500 |
| 005 - DATE & TIME | |
| control field | 20251210103847.0 |
| 008 - FIXED-LENGTH DATA ELEMENTS--GENERAL INFORMATION | |
| fixed length control field | 251210b |||||||| |||| 00| 0 eng d |
| 040 ## - CATALOGING SOURCE | |
| Original cataloging agency | VIVEKANANDA LIBRARY |
| 100 ## - MAIN ENTRY--PERSONAL NAME | |
| Personal name | Jaideep kumar |
| 245 ## - TITLE STATEMENT | |
| Title | Legal anaysis of medical negligence during COVID 19 |
| 260 ## - PUBLICATION, DISTRIBUTION, ETC. (IMPRINT) | |
| Name of publisher, distributor, etc | South point collegeof law , sonipat |
| Date of publication, distribution, etc | 2023 |
| 300 ## - PHYSICAL DESCRIPTION | |
| Pages | 133 |
| 650 ## - Subject | |
| Subject | Law |
| 650 ## - Subject | |
| Subject | Medical negligence During COVID 19 |
| 700 ## - Added Entry Personal Name | |
| Added Entry Personal Name | Vinod kumar |
| 942 ## - ADDED ENTRY ELEMENTS (KOHA) | |
| Koha item type | Thesis |
No items available.
